000 00585nam a2200229Ia 4500
003 OSt
005 20220928111353.0
006 a|||||r|||| 00| 0
007 ta
008 220927b |||||||| |||| 00| 0 eng d
024 _a62918
037 _cTextual
040 _aSDCL
_cSDCL
_beng
041 _2eng
_aeng
082 _aO15,6x, Mo
100 _aSumatinalirkra
_9423470
245 0 _aSumatidarshanam.
260 _aVaranasi
_bKishor Vidha Niketan
_c1980
300 _a76p.
_ccm.
942 _hO15,6x, Mo
_cTEXL
_2CC
999 _c739998
_d739998